Computer-aided problems to accompany : basic marketing

Αποθηκεύτηκε σε:
Λεπτομέρειες βιβλιογραφικής εγγραφής
Κύριος συγγραφέας: McCarthy, E. Jerome (Edmund Jerome)
Άλλοι συγγραφείς: Perreault, William D.
Μορφή: Βιβλίο
Γλώσσα:English
Δημοσίευση: Homewood, Illinois : Irwin, 1987
Έκδοση:9th ed.
Σειρά:Irwin series in marketing
Θέματα:
Ετικέτες: Προσθήκη ετικέτας
Δεν υπάρχουν, Καταχωρήστε ετικέτα πρώτοι!

MARC

LEADER 00000cam a2200000 i 4500
001 1/44982
008 070524s1987 eng d
020 |a 0-256-05985-3 
035 |l 10087999 
040 |a GR-MY-UA  |b gre  |e aacr 
041 0 |a eng 
082 0 |a 658.8  |2 (22) 
100 1 |a McCarthy, E. Jerome   |q (Edmund Jerome) 
245 1 0 |a Computer-aided problems to accompany :  |b basic marketing /  |c by E. Jerome McCarthy and William D. Perreault, Jr. 
250 |a 9th ed. 
260 |a Homewood, Illinois :   |b Irwin,   |c 1987 
300 |a iv, 35 σ.;  |c 24 εκ. 
490 1 |a The Irwin series in marketing 
500 |a Συνοδευτικό φυλλάδιο του "Basic marketing: a managerial approach", 9η έκδ., 1987 
650 0 0 |a Marketing  |x Management. 
700 1 |a Perreault, William D. 
830 0 |a Irwin series in marketing 
852 |a INST  |b LESVOS  |e 20070524  |h 658.8 MCC  |p 005100038311  |q 005100038311  |t BK  |y 0 
901 |a BIBL1-2007-2 
970 |a ΒΑΡΚΑ  |b ΕΛΕΥΘΕΡΙΑ  |z 2007/05/24